[Event "HSK Oster Open 2025"]
[Site "HSK Schachzentrum"]
[Date "2025.04.20"]
[Round "5.10"]
[White "Iachanou, Daniel"]
[Black "Pothast, Laurenz"]
[Result "1/2-1/2"]
[WhiteElo "1704"]
[BlackElo "1944"]
[PlyCount "29"]
[EventDate "2025.04.18"]

1. e4 c5 2. Nf3 d6 3. d4 cxd4 4. Nxd4 Nf6 5. Nc3 a6 6. Be3 e5 7. Nf3 Be7 8. Bc4
Be6 9. Nd5 Nbd7 10. Qd3 Bxd5 11. Bxd5 Nxd5 12. Qxd5 b5 13. Bg5 Bxg5 14. Nxg5
O-O 15. Nf3 1/2-1/2

[Event "HSK Oster Open 2025"]
[Site "HSK Schachzentrum"]
[Date "2025.04.20"]
[Round "5.11"]
[White "Soost, Stefan"]
[Black "Schranz, Patrick"]
[Result "1-0"]
[WhiteElo "1934"]
[BlackElo "1696"]
[PlyCount "59"]
[EventDate "2025.04.18"]

1. e4 e5 2. Nf3 Nc6 3. Bb5 d6 4. d4 Bd7 5. O-O a6 6. Ba4 Nxd4 7. Bxd7+ Qxd7 8.
Nxd4 exd4 9. Qxd4 O-O-O 10. Nc3 Nf6 11. a4 Be7 12. b4 b6 13. a5 c5 14. bxc5
bxc5 15. Qc4 Qc6 16. Rb1 d5 17. exd5 Nxd5 18. Nxd5 Rxd5 19. Rb6 Qa8 20. Rxa6
Qb7 21. Rb6 Qa8 22. Bf4 Rd4 23. Qxf7 Qe4 24. Rb8+ Kd7 25. Rxh8 Qe2 26. Qf5+ Kc6
27. Rc8+ Kb5 28. Rb8+ Kc4 29. Qf7+ Kc3 30. Qb3# 1-0

[Event "HSK Oster Open 2025"]
[Site "HSK Schachzentrum"]
[Date "2025.04.20"]
[Round "5.12"]
[White "Schiller, Thomas"]
[Black "Thürauf, Peter"]
[Result "1/2-1/2"]
[WhiteElo "1877"]
[BlackElo "1772"]
[PlyCount "37"]
[EventDate "2025.04.18"]

1. e4 c5 2. c3 Nf6 3. e5 Nd5 4. d4 cxd4 5. Nf3 d6 6. Qxd4 e6 7. exd6 Qxd6 8.
Nbd2 Nf6 9. Qe3 Be7 10. Bc4 O-O 11. O-O Nc6 12. Bb3 Nd5 13. Qd3 Nf4 14. Qxd6
Ne2+ 15. Kh1 Bxd6 16. Ne4 Nxc1 17. Nxd6 Nxb3 18. axb3 e5 19. Nxc8 1/2-1/2

[Event "HSK Oster Open 2025"]
[Site "HSK Schachzentrum"]
[Date "2025.04.20"]
[Round "5.13"]
[White "Winklmann, Alexander"]
[Black "Richter, Thomas"]
[Result "0-1"]
[WhiteElo "1593"]
[BlackElo "1876"]
[PlyCount "52"]
[EventDate "2025.04.18"]

1. c4 e5 2. Nc3 Nc6 3. g3 Bb4 4. Nd5 Be7 5. Bg2 Nf6 6. e3 d6 7. Ne2 Bd7 8. Nec3
a6 9. Qe2 h5 10. h4 Bg4 11. Bf3 Nxd5 12. Nxd5 f5 13. Bxg4 hxg4 14. b3 e4 15.
Bb2 Ne5 16. Bxe5 dxe5 17. Rd1 c6 18. Nc3 Qa5 19. Ra1 O-O-O 20. O-O g5 21. hxg5
Bxg5 22. Nxe4 Be7 23. Nc3 e4 24. Rfd1 Bf6 25. Rac1 Rd7 26. Na4 Rdh7 0-1

[Event "HSK Oster Open 2025"]
[Site "HSK Schachzentrum"]
[Date "2025.04.20"]
[Round "5.15"]
[White "Speck, Jakob"]
[Black "Rudolph, Max"]
[Result "1/2-1/2"]
[WhiteElo "1817"]
[BlackElo "1864"]
[PlyCount "169"]
[EventDate "2025.04.18"]

1. e4 d5 2. exd5 Qxd5 3. Nc3 Qd6 4. d4 Nf6 5. Nf3 a6 6. g3 Bg4 7. Bg2 Nc6 8.
O-O e6 9. Bf4 Qd7 10. h3 Bxf3 11. Bxf3 O-O-O 12. Ne2 Nxd4 13. Nxd4 Qxd4 14. Qe2
Bd6 15. Rfd1 Qb6 16. Rd3 Nd5 17. Bg5 Bxg3 18. Bxd5 Rxd5 19. Rxd5 exd5 20. Qg4+
Kb8 21. Qxg3 Qxb2 22. Re1 Rc8 23. Bf4 Qb4 24. Bxc7+ Ka8 25. Re3 g6 26. Bd6 Qb1+
27. Kg2 Qxc2 28. Re7 Qf5 29. Qb3 b5 30. Re5 Qc2 31. Re8 Qc6 32. Rxc8+ Qxc8 33.
Qxd5+ Qb7 34. Qf3 a5 35. a3 Ka7 36. Bc5+ Ka6 37. Qxb7+ Kxb7 38. Kf3 Kc6 39. Be7
Kd5 40. Kf4 Ke6 41. Bf8 f6 42. h4 h5 43. Bc5 Kd5 44. Be7 Ke6 45. Bd8 b4 46.
Bxa5 bxa3 47. Bc3 a2 48. f3 Kf7 49. Kg3 Ke6 50. Kf4 Kf7 51. Ke4 g5 52. f4 Kg6
53. f5+ Kf7 54. Kf3 Ke7 55. Bb4+ Kf7 56. Bc3 Ke7 57. Bb2 Kf7 58. Bd4 Ke7 59.
Bc5+ Kf7 60. Bd4 Ke7 61. Ke2 Kf7 62. Bc3 Ke7 63. Bb2 Kf7 64. Bd4 Ke7 65. Bc5+
Kf7 66. Bd4 Ke7 67. Kf2 Kf7 68. Bc3 Ke7 69. Bb4+ Kf7 70. Bc3 Ke7 71. Kg3 Kf7
72. Bd4 Ke7 73. Bc5+ Kf7 74. Bd4 Ke7 75. hxg5 fxg5 76. Kf3 Kf7 77. Ke4 Ke7 78.
Bc3 Kd6 79. Bb4+ Kd7 80. Bc3 Ke7 81. Be5 Kf7 82. Bd4 Ke7 83. Bc5+ Kf7 84. Bd4
Ke7 85. Kf3 1/2-1/2

[Event "HSK Oster Open 2025"]
[Site "HSK Schachzentrum"]
[Date "2025.04.20"]
[Round "5.16"]
[White "Busch, Jonathan Luis"]
[Black "Malchereck, Zion"]
[Result "0-1"]
[WhiteElo "1661"]
[BlackElo "2063"]
[PlyCount "118"]
[EventDate "2025.04.18"]

1. e4 c5 2. Nf3 Nc6 3. c3 d5 4. exd5 Qxd5 5. d4 Nf6 6. Be2 e6 7. Be3 cxd4 8.
cxd4 Bd6 9. Nc3 Qa5 10. h3 O-O 11. O-O Ne7 12. Qd2 Qd8 13. Bf4 Ned5 14. Bxd6
Qxd6 15. Ne5 a6 16. Bf3 b5 17. Rac1 Bb7 18. Nxd5 Bxd5 19. Bxd5 Qxd5 20. b3 Rac8
21. Rfd1 {(=)} h6 22. Qe3 Rfd8 23. Nf3 b4 24. Qd2 Qa5 25. Rc4 Nd5 26. Ra1 Nc3
27. Ne5 Rxc4 28. Nxc4 Qd5 29. a3 a5 30. axb4 axb4 31. Ne3 Qxd4 32. Qxd4 Rxd4
33. Ra8+ Kh7 34. Rb8 Na2 35. Nc2 Rd3 36. Nxb4 Rxb3 37. Nc6 Rxb8 38. Nxb8 {(=)}
Kg6 39. Kh2 Kf5 40. Kg3 e5 41. Nc6 Ke6 42. Na5 Kd5 43. Nb3 f5 44. Nd2 g5 45. f3
Kd4 46. h4 Kc3 47. hxg5 hxg5 48. Nf1 Nc1 49. Kh2 Ne2 50. Ne3 Nd4 51. Kg1 Kd3
52. Kf2 e4 53. fxe4 fxe4 54. g3 {(=)} Nb5 55. Ng4 Nd6 56. Ne5+ Kd2 57. Ng4 Nc4
58. Kg2 e3 59. Nxe3 Kxe3 0-1

[Event "HSK Oster Open 2025"]
[Site "HSK Schachzentrum"]
[Date "2025.04.20"]
[Round "5.17"]
[White "Atri, Jamshid"]
[Black "Neumann, Hannes"]
[Result "1/2-1/2"]
[WhiteElo "2029"]
[BlackElo "1655"]
[PlyCount "94"]
[EventDate "2025.04.18"]

1. e4 c5 2. Nf3 e6 3. d4 cxd4 4. Nxd4 Nf6 5. Nc3 Nc6 6. Ndb5 Bb4 7. a3 Bxc3+ 8.
Nxc3 d5 9. exd5 exd5 10. Bd3 O-O 11. O-O d4 12. Ne2 Bg4 13. f3 Bh5 14. b4 Qb6
15. Kh1 Rfd8 16. Bg5 Ne5 17. Nf4 Bg6 18. Nxg6 hxg6 19. Be2 Rac8 20. Re1 Nc4 21.
Qd3 Ne3 22. Ra2 Rc3 23. Qd2 Rdc8 24. Bd3 Nfd5 25. Bxe3 Nxe3 26. h3 Qe6 27. Raa1
Qf6 28. Ra2 Qh4 29. Re2 Nf1 30. Qe1 Qxe1 31. Rxe1 Ne3 32. Re2 Kh7 {(=)} 33. g4
Kh6 34. h4 g5 35. h5 g6 36. hxg6 fxg6 37. Be4 b6 38. a4 R3c4 39. Rb2 Nd1 40.
Rb3 Nc3 41. Rd2 Nxe4 42. fxe4 Rxc2 43. Rxd4 Rc1+ 44. Kg2 R8c2+ 45. Kf3 Rh1 46.
Kg3 Rg1+ 47. Kh3 Rh1+ 1/2-1/2

[Event "HSK Oster Open 2025"]
[Site "HSK Schachzentrum"]
[Date "2025.04.20"]
[Round "5.18"]
[White "Pittelkow, Andreas"]
[Black "Majewski, Nico"]
[Result "1/2-1/2"]
[WhiteElo "2010"]
[BlackElo "1631"]
[PlyCount "71"]
[EventDate "2025.04.18"]

1. Nf3 Nf6 2. g3 g6 3. Bg2 Bg7 4. O-O O-O 5. d3 d6 6. c4 e5 7. Nc3 Nc6 8. Rb1
a5 9. a3 Nh5 10. b4 axb4 11. axb4 f5 12. Bd2 h6 13. b5 Ne7 14. Qb3 Be6 15. Rfc1
f4 16. Ne1 fxg3 17. hxg3 Qc8 18. Ne4 Bh3 19. Bh1 Qf5 20. Nc2 Nf6 21. Ne3 Qc8
22. Ra1 Nxe4 23. Bxe4 Kh7 24. Rxa8 Qxa8 25. Bc3 Rf7 26. Ra1 Qf8 27. Be1 Nf5 28.
Nxf5 gxf5 29. Bxb7 f4 30. Ra8 Qe7 31. Be4+ Bf5 32. Bxf5+ Rxf5 33. c5 Qg5 34.
Qg8+ Kg6 35. Qe8+ Kh7 36. Qg8+ 1/2-1/2

[Event "HSK Oster Open 2025"]
[Site "HSK Schachzentrum"]
[Date "2025.04.20"]
[Round "5.19"]
[White "Ikwuka, God´sfavour"]
[Black "Loayza, Ignacio"]
[Result "0-1"]
[WhiteElo "1628"]
[BlackElo "1811"]
[PlyCount "93"]
[EventDate "2025.04.18"]

1. e4 c6 2. f4 d5 3. e5 e6 4. Nf3 Nh6 5. d4 Nf5 6. Be2 c5 7. c3 Nc6 8. Bb5 Qb6
9. Bxc6+ bxc6 10. O-O cxd4 11. cxd4 c5 12. dxc5 Bxc5+ 13. Kh1 Ba6 14. Nc3 Bxf1
15. Qxf1 O-O 16. g4 Ne7 17. Qd3 f6 18. f5 exf5 19. gxf5 Rad8 20. e6 Qb4 21. h3
Qc4 22. Qxc4 dxc4 23. Ne4 Rd1+ 24. Kg2 Be3 25. Bxe3 Rxa1 26. Bc5 Nxf5 27. Bxf8
Kxf8 28. Nfd2 Rc1 29. Kf3 Ke7 30. Nc3 Nd6 31. Ke3 Rc2 32. Nde4 Nxe4 33. Kxe4
Rxb2 34. Kd5 Rh2 35. Kxc4 Kxe6 36. a4 Rxh3 37. Nb5 Rh4+ 38. Kb3 a5 39. Nc7+ Ke5
40. Na6 Rh3+ 41. Kc4 Ke4 42. Nc5+ Ke3 43. Kb5 f5 44. Kxa5 f4 45. Kb6 f3 46. a5
f2 47. a6 0-1

[Event "HSK Oster Open 2025"]
[Site "HSK Schachzentrum"]
[Date "2025.04.20"]
[Round "5.20"]
[White "Wang, Kaiwen"]
[Black "Queißer, Jens"]
[Result "1-0"]
[WhiteElo "1749"]
[BlackElo "1653"]
[PlyCount "88"]
[EventDate "2025.04.18"]

1. e4 c6 2. d4 d5 3. exd5 cxd5 4. c4 Nf6 5. Nc3 e6 6. a3 Be7 7. Nf3 O-O 8. c5
Nc6 9. Bb5 Qc7 10. O-O a6 11. Bxc6 bxc6 12. Ne5 Nd7 13. Bf4 Nxe5 14. Bxe5 Qd7
15. Na4 Ra7 16. Nb6 Qd8 17. Re1 f6 18. Bg3 e5 19. b4 Rb7 20. dxe5 Rxb6 21. cxb6
Qxb6 22. Qd2 fxe5 23. Bxe5 Qa7 24. Qe3 Qxe3 25. fxe3 Bh4 26. Rf1 Bg4 27. Rxf8+
Kxf8 28. Rf1+ Ke7 29. Rf4 h5 30. h3 Bg5 31. hxg4 hxg4 32. Rxg4 Bxe3+ 33. Kf1 g5
34. Rg3 Bc1 35. Rc3 Bb2 36. Re3 Bc1 37. Re1 Bd2 38. Re2 Bxb4 39. axb4 Ke6 40.
g4 Kf7 41. Bd4 Kg6 42. Re6+ Kf7 43. Rxc6 Ke7 44. Rxa6 Ke8 1-0

[Event "HSK Oster Open 2025"]
[Site "HSK Schachzentrum"]
[Date "2025.04.20"]
[Round "5.21"]
[White "Kollath, Leno"]
[Black "Koop, Michael"]
[Result "1-0"]
[WhiteElo "1705"]
[BlackElo "1569"]
[PlyCount "105"]
[EventDate "2025.04.18"]

1. e4 c6 2. d4 d5 3. exd5 cxd5 4. Bd3 Nf6 5. c3 b6 6. Bf4 Bd7 7. Nf3 Nc6 8. O-O
Nh5 9. Be3 g6 10. Re1 Qc7 11. Nbd2 Nf4 12. Bxf4 Qxf4 13. Nf1 Bg4 14. Bb5 Bd7
15. Qa4 Qc7 16. Ne3 O-O-O 17. Nxd5 Qd6 18. Nb4 Nxb4 19. cxb4 Kb8 20. Ne5 Bxb5
21. Qxb5 Qd5 22. Qxd5 Rxd5 23. Nxf7 Rg8 24. Ne5 Kb7 25. Rad1 Bg7 26. Nf3 Rgd8
27. Rxe7+ R8d7 28. Rxd7+ Rxd7 29. h3 Kc6 30. Kf1 Kb5 31. a3 Kc4 32. Ke2 Rd5 33.
Rd3 Kb5 34. b3 Ka6 35. Rd1 Kb7 36. Kd3 Kc7 37. Rc1+ Kd6 38. Rc8 a5 39. Rd8+ Kc6
40. Rxd5 Kxd5 41. bxa5 bxa5 42. b4 axb4 43. axb4 Bf6 44. g4 h6 45. h4 g5 46.
hxg5 hxg5 47. b5 Bd8 48. Nd2 Bc7 49. Nc4 Bd8 50. Ne3+ Kd6 51. Ke4 Ke6 52. Nc4
Kd7 53. d5 1-0

[Event "HSK Oster Open 2025"]
[Site "HSK Schachzentrum"]
[Date "2025.04.20"]
[Round "5.23"]
[White "Falke, Ornella"]
[Black "Babychev, Mykhailo"]
[Result "1-0"]
[WhiteElo "2047"]
[BlackElo "1698"]
[PlyCount "41"]
[EventDate "2025.04.18"]

1. e4 e6 2. d3 d5 3. Nd2 c5 4. Ngf3 Nc6 5. g3 Nf6 6. Bg2 dxe4 7. dxe4 Be7 8.
O-O O-O 9. e5 Nd5 10. Qe2 Qc7 11. a3 Nd4 12. Nxd4 cxd4 13. Nb3 Bc5 14. Rd1 Qb6
15. Qc4 Be7 16. Rxd4 Bd7 17. Qd3 Bb5 18. c4 Ba6 19. Qd1 Nc7 20. Be3 Bd8 21. Rd6
1-0

[Event "HSK Oster Open 2025"]
[Site "HSK Schachzentrum"]
[Date "2025.04.20"]
[Round "5.24"]
[White "Malchereck, Romeo"]
[Black "Fabig, Holger"]
[Result "1-0"]
[WhiteElo "1740"]
[BlackElo "2012"]
[PlyCount "60"]
[EventDate "2025.04.18"]

1. e4 e6 2. d4 b6 3. Bd3 Bb7 4. Bf4 Nf6 5. f3 d5 6. e5 Nfd7 7. c3 c5 8. Ne2 Nc6
9. a3 Be7 10. O-O Qc7 11. Bg3 O-O-O 12. b4 c4 13. Bc2 h5 14. Bf2 h4 15. Nd2 g5
16. f4 gxf4 17. Nxf4 Rdg8 18. Nf3 Rg4 19. Be3 Rhg8 20. h3 Rg3 21. Bf2 R3g7 22.
Bxh4 Bxh4 23. Nxh4 Ncxe5 24. dxe5 Qxe5 25. Qd2 Qd6 26. Rae1 Rh8 27. Qf2 Rg5 28.
Nf3 Rg7 29. Qd4 Rhg8 30. Rf2 Re8 1-0

[Event "HSK Oster Open 2025"]
[Site "HSK Schachzentrum"]
[Date "2025.04.20"]
[Round "5.26"]
[White "Kock, Rudolf"]
[Black "Strate, Gerda"]
[Result "1/2-1/2"]
[WhiteElo "1627"]
[BlackElo "1848"]
[PlyCount "64"]
[EventDate "2025.04.18"]

1. f4 e6 2. Nf3 d5 3. b3 Nc6 4. e3 Be7 5. Bb2 Bf6 6. c3 e5 7. Bb5 exf4 8. exf4
Qe7+ 9. Qe2 Bd7 10. Qxe7+ Ngxe7 11. O-O O-O-O 12. d4 Nf5 13. Bxc6 Bxc6 14. Ne5
Nd6 15. Ba3 Be8 16. Nd2 Be7 17. Ndf3 f6 18. Nd3 Bg6 19. Rfe1 Bf8 20. Nf2 Nb5
21. Bxf8 Rhxf8 22. Rac1 Rfe8 23. g4 h5 24. h3 hxg4 25. hxg4 Be4 26. Nd2 f5 27.
Ndxe4 fxe4 28. Re3 Rf8 29. a4 Nd6 30. Nh3 Rh8 31. Kg2 g6 32. Rh1 Rh4 1/2-1/2

[Event "HSK Oster Open 2025"]
[Site "HSK Schachzentrum"]
[Date "2025.04.20"]
[Round "5.28"]
[White "Erk, Ben"]
[Black "Mkrtchyan, Nona"]
[Result "1/2-1/2"]
[WhiteElo "1743"]
[BlackElo "1599"]
[PlyCount "89"]
[EventDate "2025.04.18"]

1. d4 d5 2. Nf3 Nf6 3. e3 Bf5 4. c4 e6 5. Nc3 c5 6. Qb3 b6 7. cxd5 exd5 8. Bb5+
Bd7 9. Nxd5 Bxb5 10. Qxb5+ Nbd7 11. Nxf6+ Qxf6 12. Ne5 Rd8 13. O-O Bd6 14. Nxd7
Rxd7 15. Re1 Kd8 16. d5 Qe5 17. f4 Qxd5 18. e4 Qd4+ 19. Kf1 f6 20. Qc6 Re8 21.
e5 fxe5 22. Be3 Qc4+ 23. Kg1 e4 24. Rad1 Qe6 25. g3 Rf8 26. Rf1 Ke7 27. f5 Rxf5
28. Rxf5 Qxf5 29. Rd5 Qe6 30. Bg5+ Kf7 31. Rd1 h6 32. Rf1+ Kg6 33. Bf4 e3 34.
Re1 Rd8 35. Rxe3 Qf6 36. Qe4+ Kf7 37. Rf3 Kg8 38. Bd2 Qd4+ 39. Qxd4 cxd4 40.
Kf2 Be5 41. Ke2 d3+ 42. Rxd3 Rxd3 43. Kxd3 Bxb2 44. a4 Kf7 45. Be3 1/2-1/2

[Event "HSK Oster Open 2025"]
[Site "HSK Schachzentrum"]
[Date "2025.04.20"]
[Round "5.30"]
[White "Wang, Kaichen"]
[Black "Klaeke, Gregor"]
[Result "0-1"]
[WhiteElo "1599"]
[BlackElo "1655"]
[PlyCount "70"]
[EventDate "2025.04.18"]

1. d4 Nf6 2. c4 e6 3. Nc3 d5 4. cxd5 exd5 5. Bg5 Be7 6. Nf3 Bf5 7. e3 h6 8. Bh4
O-O 9. Bd3 Bg4 10. h3 Be6 11. O-O c5 12. Bc2 Nc6 13. Re1 c4 14. a3 a6 15. b3
Qc7 16. b4 b5 17. Bb1 Nd7 18. Qc2 f5 19. e4 fxe4 20. Nxe4 Bf5 21. Nf6+ Rxf6 22.
Qd2 Bxb1 23. Bxf6 Nxf6 24. Raxb1 Ne4 25. Qc2 Bf6 26. Rbd1 Qb6 27. Kf1 Nxd4 28.
Nxd4 Bxd4 29. Qc1 Nxf2 30. Qf4 Nxd1 31. Rxd1 Rf8 32. Qxf8+ Kxf8 33. Ke2 Qe6+
34. Kf1 Qf6+ 35. Ke2 Qf2# 0-1

[Event "HSK Oster Open 2025"]
[Site "HSK Schachzentrum"]
[Date "2025.04.20"]
[Round "5.31"]
[White "Abram, Kristina-Maria"]
[Black "Busch, Lara Sophie"]
[Result "1/2-1/2"]
[WhiteElo "1477"]
[BlackElo "1651"]
[PlyCount "27"]
[EventDate "2025.04.18"]

1. d4 d5 2. c4 e6 3. Nc3 Nf6 4. Bg5 Be7 5. Nf3 c6 6. e3 Nbd7 7. cxd5 exd5 8.
Bd3 h6 9. Bf4 g5 10. Bg3 Rg8 11. h3 Nf8 12. e4 dxe4 13. Bxe4 Nxe4 14. Nxe4
1/2-1/2

[Event "HSK Oster Open 2025"]
[Site "HSK Schachzentrum"]
[Date "2025.04.20"]
[Round "5.34"]
[White "Bezverkhiy, Dmitry"]
[Black "Wang, Huanying"]
[Result "1-0"]
[WhiteElo "1598"]
[BlackElo "1422"]
[PlyCount "43"]
[EventDate "2025.04.18"]

1. d4 Nf6 2. Bf4 g6 3. Nc3 Bg7 4. e4 O-O 5. Qd2 Nh5 6. Bh6 e6 7. g4 Bxh6 8.
Qxh6 Ng7 9. h4 d6 10. O-O-O Nd7 11. g5 Nh5 12. Be2 Nf4 13. h5 Re8 14. hxg6
Nxe2+ 15. Ngxe2 Qxg5+ 16. Qxg5 f6 17. Qh6 Re7 18. Rdg1 Rg7 19. Qxg7+ Kxg7 20.
gxh7+ Kf7 21. h8=Q Nf8 22. Rh7+ 1-0

[Event "HSK Oster Open 2025"]
[Site "HSK Schachzentrum"]
[Date "2025.04.20"]
[Round "6.1"]
[White "Colpe, Malte"]
[Black "Koniahli, Malek"]
[Result "0-1"]
[WhiteElo "2373"]
[BlackElo "2309"]
[PlyCount "122"]
[EventDate "2025.04.18"]

1. d4 Nf6 2. Nf3 e6 3. Bf4 b6 4. e3 Bb7 5. Bd3 Be7 6. h3 d6 7. O-O Nbd7 8. Nbd2
O-O 9. Bh2 Re8 10. e4 Nf8 11. Qe2 Ng6 12. Rfd1 Bf8 13. Ba6 Qc8 14. Bxb7 Qxb7
15. e5 dxe5 16. dxe5 Nd7 17. h4 h6 18. h5 Ne7 19. Ne4 Rad8 20. Bf4 Nd5 21. Bxh6
gxh6 22. c4 Nf4 23. Qe3 Nxh5 24. g4 Nc5 25. Nfd2 Qc6 26. gxh5 Rd3 27. Nf6+ Kh8
28. Qe2 Red8 29. b4 Be7 30. Nf1 Bxf6 31. exf6 Qd6 32. Rxd3 Nxd3 33. Qe3 Nf4 34.
c5 Qd4 35. cxb6 axb6 36. Qxd4 Rxd4 37. Ng3 Rxb4 38. Re1 Rb5 39. Rc1 Nxh5 40.
Nxh5 Rxh5 41. Rxc7 Kg8 42. Rb7 Ra5 43. Rxb6 Rxa2 44. Rb7 Ra5 45. f4 Rf5 46. Rb4
Kh7 47. Kg2 Kg6 48. Kg3 Kxf6 49. Rb7 Rc5 50. Ra7 Kg6 51. Rb7 Rc3+ 52. Kh4 Rf3
53. Kg4 Rf1 54. Kg3 Rd1 55. Ra7 Rd3+ 56. Kh4 f6 57. Ra5 Rd5 58. Ra4 Kf5 59. Rb4
Rd3 60. Ra4 Re3 61. Rb4 Re4 0-1

[Event "HSK Oster Open 2025"]
[Site "HSK Schachzentrum"]
[Date "2025.04.20"]
[Round "6.2"]
[White "Holinka, Henning"]
[Black "Keyser, Robin"]
[Result "1-0"]
[WhiteElo "2292"]
[BlackElo "2169"]
[PlyCount "103"]
[EventDate "2025.04.18"]

1. e4 c6 2. Nc3 d5 3. Nf3 dxe4 4. Nxe4 Nf6 5. Qe2 Na6 6. a3 Nxe4 7. Qxe4 Nc7 8.
d4 Qd5 9. Qe3 Bf5 10. c4 Qe4 11. Be2 Qxe3 12. fxe3 g6 13. O-O Bg7 14. b4 O-O
15. b5 cxb5 16. cxb5 Nd5 17. Bd2 Rac8 18. Rfc1 h6 19. Kf2 Rfd8 20. a4 Kf8 21.
Bc4 Be4 22. Ke2 Nb6 23. Bd3 Rxc1 24. Rxc1 Bxd3+ 25. Kxd3 Nxa4 26. Ra1 Nc5+ 27.
Kc4 Ne4 28. Rxa7 Rc8+ 29. Kd3 Nd6 30. Bb4 Nxb5 31. Rxb7 Nd6 32. Bxd6 exd6 33.
Nd2 Bf6 34. Nc4 Be7 35. Nb6 Rc1 36. Nd5 Bg5 37. Rb8+ Kg7 38. g3 Rc6 39. h4 Bf6
40. Ke4 Ra6 41. Nc7 d5+ 42. Kxd5 Ra5+ 43. Rb5 Rxb5+ 44. Nxb5 h5 45. Nd6 Bd8 46.
Ne4 f5 47. Ng5 Kf6 48. Kc6 Ba5 49. d5 Bd2 50. d6 Bxe3 51. d7 Ke7 52. Ne6 1-0

[Event "HSK Oster Open 2025"]
[Site "HSK Schachzentrum"]
[Date "2025.04.20"]
[Round "6.4"]
[White "Marx, Jakob"]
[Black "Kotyk, Michael"]
[Result "0-1"]
[WhiteElo "1589"]
[BlackElo "2239"]
[PlyCount "108"]
[EventDate "2025.04.18"]

1. e4 e5 2. Nf3 Nc6 3. Bc4 Bc5 4. c3 Nf6 5. d4 exd4 6. O-O Nxe4 7. Qe2 d5 8.
cxd4 dxc4 9. dxc5 Qd3 10. Re1 f5 11. Nc3 O-O 12. Nxe4 fxe4 13. Qxe4 Bf5 14. Qh4
Rae8 15. Be3 Re4 16. Qg3 Rg4 17. Ne5 Rxg3 18. Nxd3 Rxe3 19. Rxe3 cxd3 20. Rd1
Rd8 21. Rd2 Rd5 22. f3 Rxc5 23. Kf2 g5 24. b3 Kf7 25. Ke1 Rc1+ 26. Rd1 Rc2 27.
Rd2 Kf6 28. Kd1 Nb4 29. a3 Nd5 30. Rexd3 Bxd3 31. Rxd3 Rc5 32. b4 Nf4 33. Rd7
Rd5+ 34. Rxd5 Nxd5 35. Kd2 Ke5 36. g3 Kd4 37. Ke2 Kc3 38. b5 Kd4 39. Kd2 Nc3
40. b6 axb6 41. f4 gxf4 42. gxf4 Nd5 43. f5 c5 44. Kc2 b5 45. Kb2 c4 46. Kc2
Ne3+ 47. Kb2 c3+ 48. Kc1 Nxf5 49. Kc2 Ne3+ 50. Kc1 Kd3 51. h4 Nc4 52. Kd1 c2+
53. Kc1 Nd2 54. Kb2 Nb3 0-1

[Event "HSK Oster Open 2025"]
[Site "HSK Schachzentrum"]
[Date "2025.04.20"]
[Round "6.5"]
[White "Richter, Thomas"]
[Black "Holmsgaard, Henrik"]
[Result "1/2-1/2"]
[WhiteElo "1876"]
[BlackElo "2146"]
[PlyCount "55"]
[EventDate "2025.04.18"]

1. e4 c5 2. b3 e6 3. Bb2 a6 4. Be2 d5 5. e5 Nc6 6. f4 g6 7. Nf3 Bg7 8. d4 cxd4
9. Nxd4 Nge7 10. Nxc6 bxc6 11. Qd2 Nf5 12. O-O O-O 13. Nc3 Qa5 14. Bd3 f6 15.
Bxf5 exf5 16. Ne4 Qxd2 17. Nxd2 fxe5 18. Bxe5 Bxe5 19. fxe5 a5 20. h4 c5 21.
Nf3 Bb7 22. Rfe1 Rfe8 23. c3 h6 24. Kf2 f4 25. Rad1 Kf7 26. Rd2 Ke7 27. a3 Rg8
28. b4 1/2-1/2

[Event "HSK Oster Open 2025"]
[Site "HSK Schachzentrum"]
[Date "2025.04.20"]
[Round "6.6"]
[White "Hort, Max"]
[Black "Porth, Hartmut"]
[Result "1-0"]
[WhiteElo "2007"]
[BlackElo "1996"]
[PlyCount "75"]
[EventDate "2025.04.18"]

1. e4 Nc6 2. Nf3 d6 3. d4 Nf6 4. Bd3 g6 5. c3 Bg7 6. Bg5 O-O 7. O-O a6 8. Nbd2
b5 9. b4 e5 10. dxe5 Nxe5 11. Nxe5 dxe5 12. Nb3 Qd6 13. Qe2 Be6 14. Nc5 Nd7 15.
Be3 Rfb8 16. a4 c6 17. Rfd1 Nxc5 18. Bxc5 Qc7 19. c4 bxa4 20. Rxa4 Bf8 21. Bxf8
Kxf8 22. Rda1 Qd6 23. b5 Rd8 24. Bc2 cxb5 25. cxb5 Qd2 26. Bd1 a5 27. h3 Rac8
28. Qxd2 Rxd2 29. Rb1 Ba2 30. Ra1 Be6 31. Rxa5 Rcd8 32. Bf3 Kg7 33. Rb1 Ba2 34.
Rb4 Be6 35. b6 Rb8 36. Rxe5 Rd6 37. Reb5 Rb7 38. e5 1-0

[Event "HSK Oster Open 2025"]
[Site "HSK Schachzentrum"]
[Date "2025.04.20"]
[Round "6.7"]
[White "Pothast, Laurenz"]
[Black "Heins, Simon"]
[Result "0-1"]
[WhiteElo "1944"]
[BlackElo "1777"]
[PlyCount "28"]
[EventDate "2025.04.18"]

1. e4 c5 2. Nc3 Nc6 3. Nf3 e6 4. d4 cxd4 5. Nxd4 Nf6 6. Ndb5 d6 7. a4 a6 8. Na3
d5 9. exd5 exd5 10. Ne2 Bc5 11. Be3 Bxe3 12. fxe3 O-O 13. Qd3 Ne4 14. g3 Ne5
0-1

[Event "HSK Oster Open 2025"]
[Site "HSK Schachzentrum"]
[Date "2025.04.20"]
[Round "6.8"]
[White "Kahlert, Thomas"]
[Black "Wang, Kaiwen"]
[Result "1-0"]
[WhiteElo "2104"]
[BlackElo "1749"]
[PlyCount "104"]
[EventDate "2025.04.18"]

1. c4 e6 2. Nf3 d5 3. d4 c6 4. Qc2 Nf6 5. g3 g6 6. Bg2 Bg7 7. O-O O-O 8. Nbd2
b6 9. e4 dxe4 10. Nxe4 Nxe4 11. Qxe4 Bb7 12. Bg5 Qc8 13. c5 bxc5 14. Be7 Re8
15. Bxc5 Nd7 16. Qc2 Bf8 17. Bxf8 Kxf8 18. Rac1 Qd8 19. Qd2 Kg7 20. Rfe1 Rc8
21. Qc3 Nf6 22. Ne5 Nd5 23. Qc5 Qb6 24. h4 Qxc5 25. Rxc5 f6 26. Nc4 Nb4 27. Re3
Nd5 28. Rb3 Rc7 29. Nd6 Ree7 30. Rxb7 Rxb7 31. Nxb7 Rxb7 32. Rxc6 Kf7 33. Bxd5
exd5 34. b3 Rb4 35. Kf1 Rxd4 36. Ke2 Re4+ 37. Kd3 Re1 38. Ra6 Ke7 39. Rxa7+ Kd6
40. Rxh7 Rd1+ 41. Ke3 Re1+ 42. Kd2 Rf1 43. Ke2 Rb1 44. Ra7 Ke5 45. Ra4 Ra1 46.
Kf3 Re1 47. g4 d4 48. Ra5+ Ke6 49. Ra8 Ke7 50. Ra4 Rh1 51. Rxd4 Rh3+ 52. Ke2
Rxh4 1-0

[Event "HSK Oster Open 2025"]
[Site "HSK Schachzentrum"]
[Date "2025.04.20"]
[Round "6.10"]
[White "Kellner, Anton"]
[Black "Alpers, Arne"]
[Result "1-0"]
[WhiteElo "1797"]
[BlackElo "1922"]
[PlyCount "113"]
[EventDate "2025.04.18"]

1. d4 d5 2. c4 e6 3. Nf3 a6 4. cxd5 exd5 5. Nc3 Nf6 6. Bg5 Be6 7. e3 c6 8. Bd3
Nbd7 9. O-O Bd6 10. Re1 Qc7 11. Rc1 O-O 12. a3 h6 13. Bh4 Rfe8 14. b4 b5 15. e4
dxe4 16. Nxe4 Bd5 17. Nxd6 Qxd6 18. Bg3 Qf8 19. Ne5 Nxe5 20. dxe5 Nd7 21. Be4
Bxe4 22. Rxe4 Rad8 23. Rd4 Nb8 24. Rd6 Qe7 25. f4 Rxd6 26. Qxd6 Qxd6 27. exd6
f5 28. Bf2 Kf7 29. Ba7 Rc8 30. Bxb8 Rxb8 31. Rxc6 Ra8 32. Kf2 Ke6 33. Ke3 Kd7
34. Rb6 Re8+ 35. Kd3 Re4 36. g3 g5 37. fxg5 hxg5 38. Rxa6 Rg4 39. Rb6 f4 40.
gxf4 Rxf4 41. Rxb5 Rf3+ 42. Kc4 Rxa3 43. Rxg5 Kxd6 44. Kb5 Rh3 45. Rc5 Rxh2 46.
Rc1 Rh8 47. Ka6 Rh2 48. b5 Ra2+ 49. Kb7 Rb2 50. b6 Kd7 51. Ka7 Ra2+ 52. Kb8 Rd2
53. b7 Rd3 54. Rc4 Rd1 55. Rb4 Rh1 56. Ka7 Kc6 57. Rb6+ 1-0

[Event "HSK Oster Open 2025"]
[Site "HSK Schachzentrum"]
[Date "2025.04.20"]
[Round "6.11"]
[White "Loayza, Ignacio"]
[Black "Schiller, Thomas"]
[Result "0-1"]
[WhiteElo "1811"]
[BlackElo "1877"]
[PlyCount "68"]
[EventDate "2025.04.18"]

1. d4 d5 2. Nf3 Nc6 3. e3 Nf6 4. h3 e6 5. c4 Be7 6. Nc3 O-O 7. Be2 a6 8. cxd5
exd5 9. Qc2 Bd6 10. a3 Re8 11. O-O Ne7 12. Bd3 Ng6 13. b4 Bd7 14. Bb2 Bc6 15.
Nd2 Qd7 16. Bf5 Qe7 17. Qb3 Nh4 18. Bd3 Ne4 19. Bxe4 dxe4 20. Ne2 Qg5 21. g3
Bb5 22. Nc4 Nf3+ 23. Kg2 Bxc4 24. Qxc4 Nd2 25. Qc2 Nxf1 26. Rxf1 Re6 27. Nf4
Bxf4 28. exf4 Qd5 29. Qxc7 e3+ 30. f3 Rc6 31. Qe7 Rc2+ 32. Kg1 Rxb2 33. Qxe3
Rd8 34. Rc1 h6 0-1

[Event "HSK Oster Open 2025"]
[Site "HSK Schachzentrum"]
[Date "2025.04.20"]
[Round "6.12"]
[White "Thürauf, Peter"]
[Black "Haertel, Leon"]
[Result "1/2-1/2"]
[WhiteElo "1772"]
[BlackElo "1855"]
[PlyCount "35"]
[EventDate "2025.04.18"]

1. d4 Nf6 2. Nf3 d5 3. c4 e6 4. Nc3 Be7 5. Bg5 c6 6. e3 Nbd7 7. Rc1 O-O 8. Bd3
Re8 9. O-O h6 10. Bh4 b6 11. Bxf6 Nxf6 12. Ne5 Bb7 13. cxd5 exd5 14. a3 Bd6 15.
f4 c5 16. Nb5 Bf8 17. Nc3 Bd6 18. Nb5 1/2-1/2